A vajdasági magyar kisebbség és a civil társadalom
Elmentve itt :
| Szerző: | |
|---|---|
| Adatforrás: | Philobibl |
| Forrásdokumentuma: | Létünk 1994:1-2. 17-21. p. |
| Dokumentumtípus: | Cikk |
| Nyelv: | magyar |
| Megjelent: |
1994
|
| LEADER | 00319nab a2200109 c 4500 | ||
|---|---|---|---|
| 001 | bibPHI0031674 | ||
| 005 | 20200924122922.9 | ||
| 008 | 080131s1994 yu hun | ||
| 100 | 1 | |a Losoncz Alpár | |
| 245 | 1 | 2 | |a A vajdasági magyar kisebbség és a civil társadalom |c Losoncz Alpár |
| 260 | |a 1994 | ||
| 773 | 0 | |t Létünk |g 1994:1-2. 17-21. p. | |